000 00307nam a22001337a 4500
008 170613b xxu||||| |||| 00| 0 eng d
020 _a9780065012149
041 _aeng
080 _a321
100 _a19
101 _aSHP
245 _aINTERNATIONAL ORGANIZATION A READER
_cKRATOCHWIL,F
942 _2udc
_cBK
999 _c17211
_d17211